Southville International School and Colleges
Your cart is empty.
  • Cart
  • Lists
    Public lists Eva Luna New books Lux_list list_1
    Your lists Log in to create your own lists
  • Log in to your account
  • Your cookies
  • Search history
Southville International School and Colleges
  • Advanced search
  • Recent comments
  • Most popular
  • Libraries

Log in to your account

Log in with GOOGLE


If you do not have an external account, but do have a local account, you can still log in:

  1. Home
  2. MARC view: The Curse of the creeping coffin /
Normal view MARC view ISBD view

The Curse of the creeping coffin / (Record no. 8001)

[ view plain ]
MARC details
000 -LEADER
fixed length control field 00638nam a22002297a 4500
003 - CONTROL NUMBER IDENTIFIER
control field OSt
005 - DATE AND TIME OF LATEST TRANSACTION
control field 20140310182001.0
008 - FIXED-LENGTH DATA ELEMENTS--GENERAL INFORMATION
fixed length control field 130729t xxu||||| |||| 00| 0 eng d
020 ## - INTERNATIONAL STANDARD BOOK NUMBER
International Standard Book Number 0590847651
050 ## - LIBRARY OF CONGRESS CALL NUMBER
Classification number PZ 7
Item number .St859 1996
082 ## - DEWEY DECIMAL CLASSIFICATION NUMBER
Classification number KF
Item number St5gg #8
100 ## - MAIN ENTRY--PERSONAL NAME
Personal name Stine, R.L.
9 (RLIN) 3762
245 ## - TITLE STATEMENT
Title The Curse of the creeping coffin /
Statement of responsibility, etc R.L. Stine.
260 ## - PUBLICATION, DISTRIBUTION, ETC. (IMPRINT)
Place of publication, distribution, etc New York :
Name of publisher, distributor, etc Scholastic,
Date of publication, distribution, etc c1996.
300 ## - PHYSICAL DESCRIPTION
Extent 132 p.
Dimensions 19 cm.
541 ## - IMMEDIATE SOURCE OF ACQUISITION NOTE
-- 1
562 ## - COPY AND VERSION IDENTIFICATION NOTE
Number of copies 1
650 ## - SUBJECT ADDED ENTRY--TOPICAL TERM
Topical term or geographic name as entry element Ghosts
General subdivision Fiction
9 (RLIN) 5082
650 ## - SUBJECT ADDED ENTRY--TOPICAL TERM
Topical term or geographic name as entry element Horror stories.
9 (RLIN) 3825
650 ## - SUBJECT ADDED ENTRY--TOPICAL TERM
Topical term or geographic name as entry element Stine, R.L. Give yourself Goosebumps
9 (RLIN) 5083
942 ## - ADDED ENTRY ELEMENTS (KOHA)
Source of classification or shelving scheme Library of Congress Classification
Koha item type
Call number prefix
Holdings
Withdrawn status Lost status Source of classification or shelving scheme Damaged status Home library Current library Shelving location Date acquired Total Checkouts Full call number Barcode Date last seen Date checked out Copy number Price effective from Koha item type
    Library of Congress Classification   Luxembourg Library Luxembourg Library Kids Fiction Section 07/29/2013 1 PZ 7 .St859 1996 10255 01/29/2019 01/28/2019 1 07/29/2013 Books

The Curse of the creeping coffin /

APA

Stine R., . (1996). The Curse of the creeping coffin. New York: Scholastic.

Chicago

Stine R.L, . 1996. The Curse of the creeping coffin. New York: Scholastic.

Harvard

Stine R., . (1996). The Curse of the creeping coffin. New York: Scholastic.

MLA

Stine R.L, . The Curse of the creeping coffin. New York: Scholastic. 1996.

  • Place hold
  • Print
  • Cite
  • Add to your cart (remove)
  • Save record
    BIBTEX Dublin Core MARCXML MARC (non-Unicode/MARC-8) MARC (Unicode/UTF-8) MARC (Unicode/UTF-8, Standard) MODS (XML) RIS
  • More searches
    Search for this title in:
    Other Libraries (WorldCat) Other Databases (Google Scholar) Online Stores (Bookfinder.com) Open Library (openlibrary.org)

Exporting to Dublin Core...

SOUTHVILLE LIBRARY

Southville International School and Colleges Library

1281 Tropical Ave. Cor. Luxembourg St., BF Homes International, Las Pinas City

Tel. No. 8256374 / 252358 Loc. 117/146

Powered by Koha